Stefan Stambolov and the emergence of modern Bulgaria, 1870-1895
Saved in:
| Main Author: | |
|---|---|
| Format: | Book |
| Language: | English |
| Published: |
London :
Duke University Press,
1993
|
| Subjects: | |
| Tags: |
Add Tag
No Tags, Be the first to tag this record!
|
MARC
| LEADER | 00000nam a2200000 i 4500 | ||
|---|---|---|---|
| 001 | 1/8437 | ||
| 008 | 961104s1993 eng d | ||
| 020 | |a 0-8223-1313-8 | ||
| 035 | |l 10017094 | ||
| 040 | |a GR-MY-UA |b gre |e aacr | ||
| 041 | 0 | |a eng | |
| 082 | 0 | |a 949.77022092 | |
| 100 | 1 | |a Perry, Duncan M. | |
| 245 | 1 | 0 | |a Stefan Stambolov and the emergence of modern Bulgaria, 1870-1895 / |c Duncan M. Perry |
| 260 | |a London : |b Duke University Press, |c 1993 | ||
| 300 | |a 308 p. | ||
| 504 | |a Includes bibliographical references and index | ||
| 600 | 1 | 0 | |a Stambolov Stefan |d 1854-1895. |
| 650 | 0 | 0 | |a Statesmen |x Bulgaria |x Biography. |
| 651 | 0 | |a Bulgaria |x Politics and government |y 1878-1944. | |
| 852 | |a INST |b LESVOS |e 19961104 |h 949.77022092 PER |p 005100012653 |q 005100012653 |t BK |y 0 | ||
| 909 | |a Λ |b 048721 | ||